| 000 | 00952nam a2200289 a 4500 | ||
|---|---|---|---|
| 001 | ASIN0691003041 | ||
| 003 | OSt | ||
| 005 | 20180116192416.0 | ||
| 008 | 130723s1985 xxu eng d | ||
| 020 |
_a0691003041 (paperback) _c$15.95 |
||
| 020 | _a9780691003047 (paperback) | ||
| 040 | _cDel | ||
| 050 | 0 | 4 | _aNA2890 |
| 082 | 0 | 4 | _a721.46 |
| 100 | 1 |
_aSmith, E. Baldwin. _96686 |
|
| 245 | 1 | 4 |
_aThe dome : _ba study in the history of ideas / _cE. Baldwin Smith. |
| 250 | _a1st ed. | ||
| 260 |
_aPrinceton, : _aNew Jersey, : _bPrinceton Univ Pr, _c1978. |
||
| 300 |
_a216 p. ; _c29 cm. |
||
| 490 | 1 | _aMonographs in art & archaeology. | |
| 650 | 0 |
_aArchitecture, Byzantine _96687 |
|
| 650 | 0 |
_aDomes _96688 |
|
| 830 | 0 |
_aMonographs in art & archaeology. _96689 |
|
| 856 | 4 | 0 |
_3Amazon.com _uhttp://www.amazon.com/exec/obidos/ASIN/0691003041/chopaconline-20 |
| 942 |
_2ddc _cBK |
||
| 999 |
_c353733 _d353733 |
||